000 00549 a2200169 4500
000 BKB
001 070445
005 20200902150830.0
008
082 _a519.535
_bE26R
100 1 _aEveritt, Brian S.
245 1 _aAn R and S-PLUS companion to multivariate analysis
_cby Brian S. Everitt
260 _aNew York
_bSpringer
_c2007
300 _a221p.
690 _aMultivariate analysis; R (Computer program language); S-Plus; Mathematical statistics; Statistics
964 _a
_bENG
_c
_d
_e
_f
_g
999 _c3891
_d3891